1942 1916 1737 1362 1218 1569 1792 1865 1952 1644 1514 1339 1332 1443 1742 1898 1939 1228 1964 1106 1636 1884 1102 1918 1710 1984 1238 1503 1329 1679 1153 1753 1391 1768 1571 1535 1551 1636 1167 1706 1114 1101 1011 1923 1550 1411 1178 1797 1145 1924 1438 1924 1878 1642 1112 1922 1036 1579 1627 1389 1102 1882 1965 1851 1242 1826 1233 1669 1309 1156 1658 1648 1101 1742 1729 1907 1931 1112 1466 1003 1739 1388 1578 1083 1368 1308 1319 1720 1183 1149 1592 1743 1845 1416 1819 1018 1249 1529 1464 BCNSPRNW ULIB Ver.6.0+V

เปลี่ยนเป็นภาษาไทย

Change to English
 แสดงรายละเอียดบรรณานุกรม
  กลับหน้าหลัก

Brief Record : Get Marc (ISO 2709) : E-mail record : QR code < ปิดหน้าต่าง
LEADER : 00000nam 2200000uu 4500
001    13399129074
003     ULIB
008    250605s2567||||th 000 0 tha d
020    ^a9786167741581
060    ^aWJ378^bธ211ก
100    ^aธนันดา ตระการวนิช,บรรณาธิการ
245    ^aการบำบัดทดแทนไตด้วยเทคนิคใหม่ = Remainder of title New techniques for renal replacement therapy/^cธนันดา ตระการวนิช,บรรณาธิการ
250    ^aพิมพ์ครั้งที่ 3
260    ^aกรุงเทพฯ :^bภาควิชาอายุรศาสตร์ คณะแพทยศาสตร์วชิรพยาบาล มหาวิทยาลัยนวมินทราธิราช,^c2567
300    ^a257 หน้า
650    ^aไต^xโรค
650    ^aRenal Replacement Therapy
945    ^p650^l0^i30560
945    ^p650^l0^i30561
999    ^aกัณชพร จุลอักษร
รายการนี้ยังไม่มีแท็ก
คุณยังไม่ได้ล็อกอิน คุณสามารถมีกิจกรรมร่วมกับเว็บไซต์ได้ แต่ต้องล็อกอินก่อน ::
  ล็อกอิน

รายการสื่อสารสนเทศ

ลำดับที่ ประเภท เลขเรียก/บาร์โค้ด สถานที่ สถานะ
1. วิทยาศาสตร์การแพทย์ และสุขภาพ
วิทยาศาสตร์การแพทย์ และสุขภาพ
WJ378 ธ211ก ฉ.1 
  Barcode: 30560
ห้องสมุดวิทยาเขตนครสวรรค์
►หนังสือทั่วไป:l:General Books
บนชั้น
2. วิทยาศาสตร์การแพทย์ และสุขภาพ
วิทยาศาสตร์การแพทย์ และสุขภาพ
WJ378 ธ211ก ฉ.2 
  Barcode: 30561
ห้องสมุดวิทยาเขตนครสวรรค์
►หนังสือทั่วไป:l:General Books
บนชั้น

รายการใกล้เคียง
    ผู้แต่ง [ธนันดา ตระการวนิช,บรรณาธิการ]

    หัวเรื่อง [ไต โรค]
    หัวเรื่อง [Renal Replacement Therapy]

BibComment


ยังไม่เคยถูกคอมเมนท์

คอมเมนท์ทรัพยากรรายการนี้
  คอมเมนท์: การบำบัดทดแทนไตด..


 Copyright 2026. Bcnsprnw @Library